00358nam a2200145Ia 4500008004100000020001500041041001200056082001100068100001400079245003900093260003900132300000800171650001200179700002100191221030s9999 xx 000 0 und d a8177584375 aEnglish a105.23 aS. Mishra 0aCommunication Skills for Engineers bPearson EdcuationaNew Delhic2007 a257 aEnglish aC. Muralikrishna